000 00497nam a2200205Ia 4500
003 0100
008 130303s9999 xx 000 0 und d
040 _cARRUPELIB
050 _aB3312.E52C5 1965
100 _aClive, Geoffrey
245 4 _aThe philosophy of Nietzsche
260 _aNew York
260 _bNew American Library
260 _C1965
300 _a640p.
300 _b 17cm.
650 _bAfrica--History--Sources
650 _cAfrica--Description and travel
942 0 0 _09
999 _c40126
_d40126